000 00518nam a2200169 i 4500
001 43254
003 ES-MaACL
005 20240510063037.0
007 t|
008 030317s1972 sp ||||1| spa d
100 1 _aCastro y Castro, Antonio,
_d1929-2016
_936969
245 1 0 _aDistancias /
_cAntonio Castro y Castro.
260 _aZaragoza :
_bInstitución "Fernando el Católico" :
_bLa Editorial,
_c1972.
300 _a73 p. ;
_c25 cm.
852 _aES-MaACL
_jC-43063
_bR.82628
999 _c43254
_d43254